Multiple Choice City Quiz - Hobart - Statistics

General Stats
  • This quiz has been taken 13 times
  • The average score is 8 of 10
Answer Stats
Question Answer % Correct
Hobart is located on the banks of which river? Derwent
100%
Hobart is the location of Australia's oldest brewery, what is it called? Cascade
92%
What is the name of the mountain that Hobart is situated at the base of? Kunanyi
92%
What famous yacht race takes place on boxing day each year and finishes in Hobart? Sydney to Hobart
92%
Hobart is located in the state of Tasmania, what was Tasmania called before the new name was adopted in 1856? Van Diemen's Land
92%
What is the population of Hobart to the nearest 100,000? 300,000
83%
What world famous art museum is located in the outskirts of Hobart? MONA
83%
Which popular festival is held over the winter solstice in Hobart? Dark MOFO
75%
What is the name of the professional basketball team for the state of Tasmania that is based in Hobart? Tasmania JackJumpers
67%
How many floors high is the tallest building in Hobart? 19
58%
No matching quizzes found
Score Distribution
Percent of People with Each Score
Percentile by Number Answered
Your Score History
You have not taken this quiz